|
|
|
|
| LEADER |
00000nam a2200000 a 4500 |
| 001 |
vtls010614889 |
| 003 |
SK-MaSNL |
| 005 |
20260302013351.0 |
| 008 |
251112s1783 xr 001 0 cze |
| 015 |
|
|
|a SNBHFA1783
|
| 020 |
|
|
|q (viaz.)
|
| 035 |
|
|
|a CBC6C06A-1EF1-4307-B666-476791C3C78F
|
| 035 |
|
|
|a urn:nbn:sk:snk-am3ic58
|
| 035 |
|
|
|a urn:nbn:sk:snk-am00e2lc
|
| 040 |
|
|
|a SNK
|b slo
|c SNK
|e AACR2
|
| 041 |
0 |
|
|a cze
|
| 044 |
|
|
|a xr
|c CZ
|
| 072 |
|
7 |
|a 27-1/-2
|x Kresťanská teológia. Dogmatická teológia
|2 konspekt
|
| 080 |
|
|
|a 27-29
|2 2001
|
| 080 |
|
|
|a 272-184.3
|2 2001
|
| 100 |
1 |
|
|a Pernsteiner, František,
|d ?-1799
|4 aut
|9 418857
|
| 245 |
1 |
0 |
|a O Wjře a Náboženstwj křesťanským patero kněh
|n Djl prwnj
|
| 246 |
1 |
|
|i Súčasť zbierky:
|a Rešetkova knižnica
|
| 260 |
|
|
|a W Brně
|b wytisstěno Swobodským Pjsmem, skrz Jana Siedlera Faktora
|c Roku 1783
|
| 300 |
|
|
|a [16], 438, [1] s.
|c 17 cm
|
| 500 |
|
|
|a Titulná strana s vinetou, ozdobná linka, drevorez nad textom, ozdobná iniciála, vinety
|
| 500 |
|
|
|a Živé záhlavie, zložky, kustody
|
| 500 |
|
|
|a Imprimatur: S dowolenjm Cýs. Král. Cenzury
|
| 508 |
|
|
|a Autorské údaje doplnené z Knihopisu
|
| 510 |
1 |
|
|a Knihopis K07002
|
| 546 |
|
|
|a Čeština
|b Fraktúra
|
| 550 |
|
|
|a Údaje o tlačiarovi doplnené z Knihopisu
|
| 561 |
|
|
|a Exlibris: Z Biblioteki Uhro - Slowenskég Michala Ressetka.
|5 SNK ID 27/1
|
| 561 |
|
|
|a Okrúhla pečiatka Nyitravármegyei muzeum 1900.
|5 SNK ID 27/1
|
| 650 |
0 |
7 |
|a kresťanská literatúra
|2 SNKPH
|9 1742
|
| 650 |
0 |
7 |
|a katolícka viera
|2 SNKPH
|9 4023
|
| 700 |
1 |
|
|a Siedler, Jan Silvestr,
|d zomrel 1806
|4 prt
|9 158594
|
| 700 |
1 |
|
|a Rešetka, Michal,
|d 1794-1854
|4 fmo
|9 37150
|
| 710 |
0 |
|
|a Svoboda, Emanuel - dedičia (Brno, Česko)
|4 prt
|9 418858
|
| 752 |
|
|
|a Česko
|d Brno
|
| 852 |
|
|
|a snk
|b Historické fondy
|p ID 27/1
|
| 958 |
|
|
|a ONDV
|
| 999 |
|
|
|c 1012721
|d 1014651
|
| 952 |
|
|
|t Reš 6
|a SNK
|b SNK
|y PREZ
|7 0
|p 17A1114975
|o snkID 27/1
|i snk1511/36
|0 0
|1 0
|4 0
|d 2014-08-19
|f 1
|l 0
|r 2026-02-24 12:58:27
|w 2026-02-24
|